<?xml version="1.0" encoding="UTF-8"?><?xml-stylesheet type="text/xsl" href="static/style.xsl"?><OAI-PMH xmlns="http://www.openarchives.org/OAI/2.0/" xmlns:xsi="http://www.w3.org/2001/XMLSchema-instance" xsi:schemaLocation="http://www.openarchives.org/OAI/2.0/ http://www.openarchives.org/OAI/2.0/OAI-PMH.xsd"><responseDate>2026-04-14T02:12:31Z</responseDate><request verb="GetRecord" identifier="oai:www.recercat.cat:2445/181615" metadataPrefix="marc">https://recercat.cat/oai/request</request><GetRecord><record><header><identifier>oai:recercat.cat:2445/181615</identifier><datestamp>2025-12-05T14:12:55Z</datestamp><setSpec>com_2072_1057</setSpec><setSpec>col_2072_478815</setSpec><setSpec>col_2072_478917</setSpec></header><metadata><record xmlns="http://www.loc.gov/MARC21/slim" xmlns:dcterms="http://purl.org/dc/terms/" xmlns:xsi="http://www.w3.org/2001/XMLSchema-instance" xmlns:doc="http://www.lyncode.com/xoai" xsi:schemaLocation="http://www.loc.gov/MARC21/slim http://www.loc.gov/standards/marcxml/schema/MARC21slim.xsd">
   <leader>00925njm 22002777a 4500</leader>
   <datafield ind2=" " ind1=" " tag="042">
      <subfield code="a">dc</subfield>
   </datafield>
   <datafield ind2=" " ind1=" " tag="720">
      <subfield code="a">Márquez Valls, Marta</subfield>
      <subfield code="e">author</subfield>
   </datafield>
   <datafield ind2=" " ind1=" " tag="720">
      <subfield code="a">Martínez Labrador, Alejandra</subfield>
      <subfield code="e">author</subfield>
   </datafield>
   <datafield ind2=" " ind1=" " tag="720">
      <subfield code="a">Halbaut, Lyda</subfield>
      <subfield code="e">author</subfield>
   </datafield>
   <datafield ind2=" " ind1=" " tag="720">
      <subfield code="a">Bravo Torres, Doménica</subfield>
      <subfield code="e">author</subfield>
   </datafield>
   <datafield ind2=" " ind1=" " tag="720">
      <subfield code="a">Sarango Granda, Paulo</subfield>
      <subfield code="e">author</subfield>
   </datafield>
   <datafield ind2=" " ind1=" " tag="720">
      <subfield code="a">Limón Magaña, David</subfield>
      <subfield code="e">author</subfield>
   </datafield>
   <datafield ind2=" " ind1=" " tag="720">
      <subfield code="a">Calpena Campmany, Ana Cristina</subfield>
      <subfield code="e">author</subfield>
   </datafield>
   <datafield ind2=" " ind1=" " tag="260">
      <subfield code="c">2021-12-02T10:41:56Z</subfield>
   </datafield>
   <datafield ind2=" " ind1=" " tag="260">
      <subfield code="c">2021-12-02T10:41:56Z</subfield>
   </datafield>
   <datafield ind2=" " ind1=" " tag="260">
      <subfield code="c">2020-12-01</subfield>
   </datafield>
   <datafield ind2=" " ind1=" " tag="260">
      <subfield code="c">2021-12-02T10:41:56Z</subfield>
   </datafield>
   <datafield ind2=" " ind1=" " tag="520">
      <subfield code="a">The mouth can be affected by important inflammatory processes resulting from localized or systemic diseases, such as diabetes, AIDS, and leukemia, among others, which are manifested in various types of buccal sores, typically presenting pain [1]. The present work focuses on the design, formulation, and characterization of four semi-solid formulations for oral mucosa in order to symptomatically treat these painful processes. The formulations have two active pharmaceutical ingredients: triamcinolone acetonide (TA) and lidocaine hydrochloride (LIDO). The formulations also contain Orabase® as an excipient, which is a protective, hydrophobic, and anhydrous adhesive vehicle, used to retain or facilitate the application of active pharmaceutical ingredients (APIs) to the oral mucosa. After designing the formulations, the validation of the analytical method was performed to achieve reliable analytical results. Franz-type diffusion cells were used to perform drug release studies using synthetic membrane, and permeation studies using buccal mucosa, permitting the estimation of the amount and rate of TA permeated across this mucous membrane. Further, the amount of TA retained within the tissue was estimated, as this is where it performs its anti-inflammatory activity, and showed no significant differences between the 0.05% TA + LIDO and 0.1% TA + LIDO formulations (p > 0.05). Therefore, the results demonstrate the suitability of the administration of the lowest concentration of TA tested, which achieved a similar efficacy as higher concentrations and reduced the potential systemic effects of corticoid administration. Furthermore, sublingual permeation studies were carried out to evaluate a scenario of continuous contact of the tongue with the applied formulation. The four formulations studied show pseudoplastic and thixotropic behavior, ideal for topical application. These results provide evidence for the potential of these topical formulations for the treatment of inflammatory processes in the buccal mucosa. Keywords: triamcinolone acetonide; buccal administration; semisolid formulations; thixotropic behavior; lidocaine hydrochloride; Franz-type diffusion cells</subfield>
   </datafield>
   <datafield tag="653" ind2=" " ind1=" ">
      <subfield code="a">Malalties de la boca</subfield>
   </datafield>
   <datafield tag="653" ind2=" " ind1=" ">
      <subfield code="a">Inflamació</subfield>
   </datafield>
   <datafield tag="653" ind2=" " ind1=" ">
      <subfield code="a">Medicació oral</subfield>
   </datafield>
   <datafield tag="653" ind2=" " ind1=" ">
      <subfield code="a">Mouth diseases</subfield>
   </datafield>
   <datafield tag="653" ind2=" " ind1=" ">
      <subfield code="a">Inflammation</subfield>
   </datafield>
   <datafield tag="653" ind2=" " ind1=" ">
      <subfield code="a">Oral medication</subfield>
   </datafield>
   <datafield ind2="0" ind1="0" tag="245">
      <subfield code="a">Galenic and Biopharmaceutical Study of the Triamcinolone Acetonide and Lidocaine Hydrochloride Semisolid Formulations for Buccal Administration</subfield>
   </datafield>
</record></metadata></record></GetRecord></OAI-PMH>